| 000 | 00345nam a2200133Ia 4500 | ||
|---|---|---|---|
| 008 | 210210b1969 xxu||||| |||| 00| 0 eng d | ||
| 082 | _a301 CUZH | ||
| 100 | _aCUZZORT (R P). | ||
| 245 | _aHumanity & modern sociological thought. | ||
| 260 |
_aLondon _bHolt Rinehart & Winston _c1969 |
||
| 300 | _axi,350 | ||
| 690 | _aSociology | ||
| 906 | _a040910 | ||
| 999 |
_c90851 _d90851 |
||